Tuyển tập những công trình nghiên cứu về văn học dân gian : (Nghiên cứu văn học dân gian)

Nội dung sách giới thiệu về truyền thuyết và thần thoại của Việt Nam. Tổng luận về Việt Nam truyền thống sức sống trường tồn.

Na minha lista:
Detalhes bibliográficos
Autor principal: Bùi, Văn Nguyên
Formato: Livro
Idioma:Undetermined
Publicado em: Hà Nội Hội nhà văn 2017
Assuntos:
Tags: Adicionar Tag
Sem tags, seja o primeiro a adicionar uma tag!
Thư viện lưu trữ: Trung tâm Học liệu Trường Đại học Cần Thơ
LEADER 00978nam a2200229Ia 4500
001 CTU_225741
008 210402s9999 xx 000 0 und d
082 |a 398.209597 
082 |b Ng527/Q.2 
100 |a Bùi, Văn Nguyên 
245 0 |a Tuyển tập những công trình nghiên cứu về văn học dân gian : 
245 0 |b (Nghiên cứu văn học dân gian) 
245 0 |c Bùi Văn Nguyên 
260 |a Hà Nội 
260 |b Hội nhà văn 
260 |c 2017 
520 |a Nội dung sách giới thiệu về truyền thuyết và thần thoại của Việt Nam. Tổng luận về Việt Nam truyền thống sức sống trường tồn. 
650 |a Văn học dân gian, tiếng Việt,Folk literature, Vietnamese 
650 |x Nghiên cứu,Research 
650 |z Việt Nam,Vietnam 
910 |b dqhieu 
980 |a Trung tâm Học liệu Trường Đại học Cần Thơ